MARC

LEADER 00000nam0a2200000 4500
001 194833
005 20231101224601.0
035 |a (RuTPU)RU\TPU\book\212510 
090 |a 194833 
100 |a 20110425d1933 m y0rusy50 ca 
101 0 |a rus 
102 |a RU 
105 |a a z 000zy 
200 1 |a Гидравлика  |e концентр IV., задание I  |e учебник  |f Ленинградский заочный институт технического образованимя ; под ред. Б. С. Савченко, Л. Ф. Нагель 
210 |a Ленинград  |c Изд-во Ленингр. заочного инт-та  |d 1944 
215 |a 19 с.  |c ил. 
610 1 |a гидравлика 
610 1 |a гидростатика 
610 1 |a учебники 
610 1 |a задачи 
610 1 |a решение 
610 1 |a методика 
675 |a 532(075)  |v 3 
702 1 |a Савченко  |b Б. С.  |4 220 
702 1 |a Нагель  |b Л. Ф.  |4 220 
712 0 2 |a Ленинградский заочный институт технического образованимя  |2 stltpush  |3 (RuTPU)RU\TPU\col\17218  |9 26572 
801 1 |a RU  |b 63413507  |c 20110425 
801 2 |a RU  |b 63413507  |c 20110510  |g RCR 
942 |c BK